Principale villes/village de Corse - Carte Quiz - Statistiques

Statistiques générales
  • Ce quiz a été pris 39 fois
  • Le résultat moyen est 14 sur 26
Réponses sur la Carte
Les réponses sont colorées sur une échelle allant du rouge au vert en fonction du pourcentage des utilisateurs qui les ont devinées à leur premier essai. Vous pouvez retrouver ces pourcentages ci-dessous.
 
Statistiques - réponses
Réponse % Correct
Bonifacio
93%
Corte
89%
Calvi
86%
Ajaccio
82%
Porto-Vecchio
82%
Bastia
71%
Porticcio (Grosseto-Prugna)
71%
Piana
68%
Aléria
64%
Propriano
64%
Saint-Florent
64%
Sartène
64%
L'île Rousse
61%
Ghisonaccia
54%
Biguglia
43%
Prunelli-di-Fiumorbo
43%
Borgo
39%
Furiani
39%
Sarrola-Carcopino
39%
Vescovato
39%
Ville-di-Pietrabugno
39%
Bastelicaccia
36%
Penta-di-Casinca
36%
Alata
29%
Lucciana
25%
Afa
18%
Aucun quiz correspondant
Distribution des résultats
% des personnes avec chaque résultat
Percentile par nombre de réponses
Votre historique - résultats
Vous n’avez pas pris ce quiz